ბათუმის შოთა რუსთაველის სახელმწიფო უნივერსიტეტის ბიბლიოთეკა

საკვებწარმოება ბოტანიკის საფუძვლებით (ბიბ.ჩანაწერი № 44570)

000 -LEADER
fixed length control field 00914nam a2200217Ia 4500
001 - CONTROL NUMBER
control field 11373
003 - CONTROL NUMBER IDENTIFIER
control field GE_BSU
008 - FIXED-LENGTH DATA ELEMENTS--GENERAL INFORMATION
fixed length control field 181216s||||||||xx |||||||||||||| ||und||
040 ## - CATALOGING SOURCE
Transcribing agency GE_BSU
080 ## - UNIVERSAL DECIMAL CLASSIFICATION NUMBER
Universal Decimal Classification number 633.2/4(075.8)
100 ## - MAIN ENTRY--PERSONAL NAME
Personal name ანდრეევი ნ.გ.
245 ## - TITLE STATEMENT
Title საკვებწარმოება ბოტანიკის საფუძვლებით
245 ## - TITLE STATEMENT
Remainder of title სახელმძღვ. სავეტერინარო ინსტ-სა და ფაკ-ტეტებისათვის
245 ## - TITLE STATEMENT
Statement of responsibility, etc. რედ: ა. მაყაშვილი მთარგმ. მ. მესხი
260 ## - PUBLICATION, DISTRIBUTION, ETC.
Place of publication, distribution, etc. თბილისი.
260 ## - PUBLICATION, DISTRIBUTION, ETC.
Name of publisher, distributor, etc. სახელგამი
260 ## - PUBLICATION, DISTRIBUTION, ETC.
Date of publication, distribution, etc. 1956
300 ## - PHYSICAL DESCRIPTION
Extent 533გვ.27სმ.ილ.
653 ## - INDEX TERM--UNCONTROLLED
Uncontrolled term საკვებწარმოება ბოტანიკის საფუძვლებით
942 ## - ADDED ENTRY ELEMENTS (KOHA)
Koha item type წიგნი
ეგზემპლარები
Withdrawn status Lost status Damaged status Not for loan Date acquired Barcode Date last seen Price effective from Koha item type
        2018-12-17 19676 2018-12-17 2018-12-17 წიგნი
        2018-12-17 19677 2018-12-17 2018-12-17 წიგნი